000 00376nam a2200133Ia 4500
008 100328s9999 xx 000 0 und d
082 _b23157
100 _aशिरवाडकर वि.वा.
245 _aजान्हवी
260 _bकॉन्टिनेन्टल
630 _aजान्हवी
730 _aजान्हवी
942 _cBOOK
999 _c516926
_d516923